000 00361nam a2200145Ia 4500
008 150201s2000 xx 000 0 und d
082 _a612.015
_bB2000M
100 _aMURRAY
245 _aHARPERS BIOCHEMISTRY
250 _a26TH
260 _bMc-GRAW-HILL L PUBLISHING
_aBOSTON(LONDON)
_c2000
300 _a1-693
650 _aBIOCHEMISTRY
942 _2ddc
_cBK
_03
999 _c4098
_d4098